000 00466nam a2200169 i 4500
001 51056
003 ES-MaACL
005 20230906162304.0
007 t|
008 030808s1911 fr ||||1| fre d
100 1 _aChantavoine, Jean.
_937983
245 1 4 _aLes maitres de la musique
_b: Liszt /
_cJean Chantavoine.
250 _a2eme ed.
260 _a[S.l. :
_bs.n.,
_c1911] (
_eEvreux :
_fP. Herissey)
300 _a247 p. ;
_c20 cm.
852 _aES-MaACL
_jF-2828
999 _c51056
_d51056